| 000 -LEADER |
| fixed length control field |
00706 a2200241 4500 |
| 003 - CONTROL NUMBER IDENTIFIER |
| control field |
OSt |
| 005 - DATE AND TIME OF LATEST TRANSACTION |
| control field |
20241015193551.0 |
| 008 - FIXED-LENGTH DATA ELEMENTS--GENERAL INFORMATION |
| fixed length control field |
241015b ||||| |||| 00| 0 eng d |
| 020 ## - INTERNATIONAL STANDARD BOOK NUMBER |
| International Standard Book Number |
9789389579871 |
| Terms of availability |
Rs 320.00 |
| 040 ## - CATALOGING SOURCE |
| Language of cataloging |
eng |
| Transcribing agency |
imu-kc |
| 041 ## - LANGUAGE CODE |
| Language code of text/sound track or separate title |
eng |
| 082 ## - DEWEY DECIMAL CLASSIFICATION NUMBER |
| Classification number |
515.9 |
| Item number |
G724 |
| 100 ## - MAIN ENTRY--PERSONAL NAME |
| 9 (RLIN) |
5688 |
| Personal name |
Goyal, J. K. |
| Titles and words associated with a name |
Dr. |
| 245 ## - TITLE STATEMENT |
| Title |
Complex Analysis / |
| Statement of responsibility, etc. |
Dr J.K. Goyal, K.P. Gupta, and Dr. Sudhir K. Pundir |
| 250 ## - EDITION STATEMENT |
| Edition statement |
5th ed. |
| 260 ## - PUBLICATION, DISTRIBUTION, ETC. |
| Place of publication, distribution, etc. |
Meerut : |
| Name of publisher, distributor, etc. |
Pragati Prakashan, |
| Date of publication, distribution, etc. |
2020. |
| 300 ## - PHYSICAL DESCRIPTION |
| Extent |
vii, 372 p. : |
| Other physical details |
ill. ; |
| Dimensions |
25 cm |
| 650 #0 - SUBJECT ADDED ENTRY--TOPICAL TERM |
| 9 (RLIN) |
5689 |
| Topical term or geographic name entry element |
Mathematical analysis |
|
| 9 (RLIN) |
5690 |
| Topical term or geographic name entry element |
Complex analysis |
| 700 ## - ADDED ENTRY--PERSONAL NAME |
| 9 (RLIN) |
5693 |
| Personal name |
Gupta, K. P. |
|
| 9 (RLIN) |
5694 |
| Personal name |
Pundir, Sudhir K. |
| Titles and other words associated with a name |
Dr. |
| 942 ## - ADDED ENTRY ELEMENTS (KOHA) |
| Source of classification or shelving scheme |
|
| Koha item type |
Books |